000 00282nam a22001337a 4500
008 190311b xxu||||| |||| 00| 0 eng d
020 _a9780735622739
041 _aeng
080 _a004
100 _a28
101 _aSHK
245 _aPlain & Simple
_cJoyce,J
942 _2udc
_cBK
999 _c54663
_d54663